| 000 | 00722nam a22002177a 4500 | ||
|---|---|---|---|
| 010 | _aB-089437 | ||
| 020 | _a8176420018 | ||
| 035 | _aB-089437 | ||
| 037 | _bCen Lib / Ret | ||
| 040 |
_aDPL _bEN |
||
| 082 |
_a510 _bALA |
||
| 100 |
_aAlamelu, K. _9140241 |
||
| 245 |
_aNew approach to mathematics : _bGrade 10, level 1, first semester / _cby K. Alamelu [edited] J. M. Sharma |
||
| 260 |
_aShimla _bHead of Dept. of Mathematics & Computers _c1998 |
||
| 270 |
_aPost Box 161 Bhagat Singh Marg _bSaharanpur |
||
| 300 |
_a242p ; _c27cm (HB) |
||
| 650 |
_aMathematics -- Textbooks _9140242 |
||
| 650 |
_a. Mathematics. _98937 |
||
| 700 |
_aSharma, J. M. _920415 |
||
| 942 |
_2ddc _cEN _h510 _mALA |
||
| 999 |
_c136288 _d136288 |
||